000 00721nam a2200241 a 4500
008 951212s1977||||[C 0 slo c
020 _c22 Kčs.
_q(24850 výtl.)
040 _aSNK
_bslo
_cSNK
_eAACR2
041 1 _aslo
_hslo
044 _axo
_cSK
080 _a808.54-561.8(038)
080 _a801.318.8
080 _a808.54-561.8(038)
100 1 _aSMIEŠKOVÁ, Elena
_4aut
245 1 0 _aMalý frazeologický slovník
_cElena SMIEŠKOVÁ ; Elena Smiešková, Elena Jakabová
250 _a2., vyd.
260 _aBratislava
_bSPN
_c1977
_eMartin
_fTlačiarne SNP
300 _a297 s., 15,83 AH
_c17 cm
500 _aZozn. skr.
700 1 _aSmiešková, Elena
_4aut
700 1 _aJakabová, Elena
_4bkd
958 _aA
999 _c19186
_d19186